[Event "DEM U18 2025"]
[Site "Willingen GER"]
[Date "2025.06.14"]
[Round "9"]
[White "Englert, Luca"]
[Black "von Mettenheim, Johannes"]
[Result "1/2-1/2"]
[Termination "normal"]
[Board "1"]
[WhiteTitle "FM"]
[WhiteElo "2333"]
[BlackElo "2367"]
[WhiteClock "00:01:38"]
[BlackClock "00:15:50"]
[PlyCount "190"]
[WhiteFideId "16293088"]
[BlackFideId "16244818"]
[EventCountry "GER"]
[EventRounds "9"]
[EventType "swiss"]
[EventDate "2025.06.07"]

1. c4 {[%clk 00:01:38]} e6 {[%clk 00:15:50]} 2. Nc3 {[%clk 00:01:38]} d5 {[%clk
00:15:50]} 3. d4 {[%clk 00:01:38]} c6 {[%clk 00:15:50]} 4. e3 {[%clk 00:01:38]}
Nf6 {[%clk 00:15:50]} 5. Nf3 {[%clk 00:01:38]} Nbd7 {[%clk 00:15:50]} 6. Bd3
{[%clk 00:01:38]} dxc4 {[%clk 00:15:50]} 7. Bxc4 {[%clk 00:01:38]} b5 {[%clk
00:15:50]} 8. Bd3 {[%clk 00:01:38]} a6 {[%clk 00:15:50]} 9. a4 {[%clk
00:01:38]} Bb7 {[%clk 00:15:50]} 10. O-O {[%clk 00:01:38]} Be7 {[%clk
00:15:50]} 11. Qe2 {[%clk 00:01:38]} b4 {[%clk 00:15:50]} 12. Ne4 {[%clk
00:01:38]} O-O {[%clk 00:15:50]} 13. Rd1 {[%clk 00:01:38]} Nxe4 {[%clk
00:15:50]} 14. Bxe4 {[%clk 00:01:38]} Qc7 {[%clk 00:15:50]} 15. b3 {[%clk
00:01:38]} c5 {[%clk 00:15:50]} 16. Bc2 {[%clk 00:01:38]} Rac8 {[%clk
00:15:50]} 17. Bb2 {[%clk 00:01:38]} c4 {[%clk 00:15:50]} 18. bxc4 {[%clk
00:01:38]} Qxc4 {[%clk 00:15:50]} 19. Bd3 {[%clk 00:01:38]} Qc6 {[%clk
00:15:50]} 20. e4 {[%clk 00:01:38]} Rfd8 {[%clk 00:15:50]} 21. a5 {[%clk
00:01:38]} Qd6 {[%clk 00:15:50]} 22. Nd2 {[%clk 00:01:38]} Nb8 {[%clk
00:15:50]} 23. Nc4 {[%clk 00:01:38]} Qf4 {[%clk 00:15:50]} 24. Nb6 {[%clk
00:01:38]} Rc7 {[%clk 00:15:50]} 25. d5 {[%clk 00:01:38]} exd5 {[%clk
00:15:50]} 26. exd5 {[%clk 00:01:38]} Bf6 {[%clk 00:15:50]} 27. d6 {[%clk
00:01:38]} Rc5 {[%clk 00:15:50]} 28. d7 {[%clk 00:01:38]} Be5 {[%clk 00:15:50]}
29. g3 {[%clk 00:01:38]} Qf3 {[%clk 00:15:50]} 30. Qxf3 {[%clk 00:01:38]} Bxf3
{[%clk 00:15:50]} 31. Re1 {[%clk 00:01:38]} f6 {[%clk 00:15:50]} 32. Bd4 {[%clk
00:01:38]} Nxd7 {[%clk 00:15:50]} 33. Bxc5 {[%clk 00:01:38]} Nxc5 {[%clk
00:15:50]} 34. Bc4+ {[%clk 00:01:38]} Kf8 {[%clk 00:15:50]} 35. Rab1 {[%clk
00:01:38]} Bc3 {[%clk 00:15:50]} 36. Re3 {[%clk 00:01:38]} Be4 {[%clk
00:15:50]} 37. Rf1 {[%clk 00:01:38]} Bd2 {[%clk 00:15:50]} 38. Rxe4 {[%clk
00:01:38]} Nxe4 {[%clk 00:15:50]} 39. Bxa6 {[%clk 00:01:38]} b3 {[%clk
00:15:50]} 40. Bb7 {[%clk 00:01:38]} Bxa5 {[%clk 00:15:50]} 41. Bxe4 {[%clk
00:01:38]} Bxb6 {[%clk 00:15:50]} 42. Rb1 {[%clk 00:01:38]} Rb8 {[%clk
00:15:50]} 43. Kf1 {[%clk 00:01:38]} Bd4 {[%clk 00:15:50]} 44. Bxh7 {[%clk
00:01:38]} b2 {[%clk 00:15:50]} 45. Ke2 {[%clk 00:01:38]} Ke7 {[%clk 00:15:50]}
46. Bf5 {[%clk 00:01:38]} Kd6 {[%clk 00:15:50]} 47. h4 {[%clk 00:01:38]} Kc5
{[%clk 00:15:50]} 48. h5 {[%clk 00:01:38]} Kc4 {[%clk 00:15:50]} 49. f4 {[%clk
00:01:38]} Re8+ {[%clk 00:15:50]} 50. Kf3 {[%clk 00:01:38]} Re3+ {[%clk
00:15:50]} 51. Kg2 {[%clk 00:01:38]} Kb3 {[%clk 00:15:50]} 52. Rd1 {[%clk
00:01:38]} Kc4 {[%clk 00:15:50]} 53. Rb1 {[%clk 00:01:38]} Ra3 {[%clk
00:15:50]} 54. Re1 {[%clk 00:01:38]} Ra5 {[%clk 00:15:50]} 55. Bb1 {[%clk
00:01:38]} Rxh5 {[%clk 00:15:50]} 56. g4 {[%clk 00:01:38]} Ra5 {[%clk
00:15:50]} 57. Re7 {[%clk 00:01:38]} g5 {[%clk 00:15:50]} 58. Rc7+ {[%clk
00:01:38]} Kb4 {[%clk 00:15:50]} 59. Rb7+ {[%clk 00:01:38]} Kc3 {[%clk
00:15:50]} 60. fxg5 {[%clk 00:01:38]} fxg5 {[%clk 00:15:50]} 61. Kf3 {[%clk
00:01:38]} Re5 {[%clk 00:15:50]} 62. Bh7 {[%clk 00:01:38]} Re3 {[%clk
00:15:50]} 63. Kg2 {[%clk 00:01:38]} Re6 {[%clk 00:15:50]} 64. Rb5 {[%clk
00:01:38]} Re5 {[%clk 00:15:50]} 65. Rb7 {[%clk 00:01:38]} Bc5 {[%clk
00:15:50]} 66. Rb5 {[%clk 00:01:38]} Bd4 {[%clk 00:15:50]} 67. Rb7 {[%clk
00:01:38]} Kd2 {[%clk 00:15:50]} 68. Rd7 {[%clk 00:01:38]} Ke3 {[%clk
00:15:50]} 69. Rb7 {[%clk 00:01:38]} Kf4 {[%clk 00:15:50]} 70. Rb4 {[%clk
00:01:38]} Re2+ {[%clk 00:15:50]} 71. Kf1 {[%clk 00:01:38]} Rf2+ {[%clk
00:15:50]} 72. Ke1 {[%clk 00:01:38]} Rh2 {[%clk 00:15:50]} 73. Bf5 {[%clk
00:01:38]} Ke5 {[%clk 00:15:50]} 74. Rb5+ {[%clk 00:01:38]} Kd6 {[%clk
00:15:50]} 75. Be4 {[%clk 00:01:38]} Be3 {[%clk 00:15:50]} 76. Rd5+ {[%clk
00:01:38]} Ke6 {[%clk 00:15:50]} 77. Rb5 {[%clk 00:01:38]} Bf4 {[%clk
00:15:50]} 78. Bf5+ {[%clk 00:01:38]} Kd6 {[%clk 00:15:50]} 79. Be4 {[%clk
00:01:38]} Bc1 {[%clk 00:15:50]} 80. Rd5+ {[%clk 00:01:38]} Kc7 {[%clk
00:15:50]} 81. Rb5 {[%clk 00:01:38]} Rh4 {[%clk 00:15:50]} 82. Bf5 {[%clk
00:01:38]} Kc6 {[%clk 00:15:50]} 83. Rb8 {[%clk 00:01:38]} Bf4 {[%clk
00:15:50]} 84. Be4+ {[%clk 00:01:38]} Kc5 {[%clk 00:15:50]} 85. Rxb2 {[%clk
00:01:38]} Rxg4 {[%clk 00:15:50]} 86. Rg2 {[%clk 00:01:38]} Rh4 {[%clk
00:15:50]} 87. Bf3 {[%clk 00:01:38]} Kd4 {[%clk 00:15:50]} 88. Ke2 {[%clk
00:01:38]} Rh3 {[%clk 00:15:50]} 89. Rg1 {[%clk 00:01:38]} Rh2+ {[%clk
00:15:50]} 90. Bg2 {[%clk 00:01:38]} Ke5 {[%clk 00:15:50]} 91. Kf2 {[%clk
00:01:38]} Rh8 {[%clk 00:15:50]} 92. Re1+ {[%clk 00:01:38]} Kf5 {[%clk
00:15:50]} 93. Be4+ {[%clk 00:01:38]} Kf6 {[%clk 00:15:50]} 94. Bf3 {[%clk
00:01:38]} Kf5 {[%clk 00:15:50]} 95. Be4+ {[%clk 00:01:38]} Kf6 {[%clk
00:15:50]} 1/2-1/2

[Event "DEM U18 2025"]
[Site "Willingen GER"]
[Date "2025.06.14"]
[Round "9"]
[White "Petrovskiy, Vadym"]
[Black "Semling, Julius"]
[Result "1-0"]
[Termination "normal"]
[Board "2"]
[WhiteTitle "IM"]
[WhiteElo "2432"]
[BlackElo "2199"]
[WhiteClock "00:53:15"]
[BlackClock "00:01:06"]
[PlyCount "119"]
[WhiteFideId "14165210"]
[BlackFideId "16290160"]
[EventCountry "GER"]
[EventRounds "9"]
[EventType "swiss"]
[EventDate "2025.06.07"]

1. e4 {[%clk 01:30:01]} {[%emt 00:00:51]} c5 {[%clk 01:30:53]} {[%emt
00:00:16]} 2. Nf3 {[%clk 01:30:22]} {[%emt 00:00:08]} d6 {[%clk 01:31:14]}
{[%emt 00:00:09]} 3. Nc3 {[%clk 01:30:25]} {[%emt 00:00:27]} Nf6 {[%clk
01:29:48]} {[%emt 00:01:57]} 4. e5 {[%clk 01:30:17]} {[%emt 00:00:37]} dxe5
{[%clk 01:30:08]} {[%emt 00:00:10]} 5. Nxe5 {[%clk 01:30:40]} {[%emt 00:00:07]}
Bd7 {[%clk 01:30:12]} {[%emt 00:00:27]} 6. g3 {[%clk 01:28:04]} {[%emt
00:03:06]} Nc6 {[%clk 01:29:33]} {[%emt 00:01:08]} 7. Nxd7 {[%clk 01:28:11]}
{[%emt 00:00:24]} Qxd7 {[%clk 01:30:00]} {[%emt 00:00:02]} 8. Bg2 {[%clk
01:28:11]} {[%emt 00:00:31]} e6 {[%clk 01:28:51]} {[%emt 00:01:39]} 9. O-O
{[%clk 01:28:06]} {[%emt 00:00:34]} Be7 {[%clk 01:28:41]} {[%emt 00:00:39]} 10.
d3 {[%clk 01:28:01]} {[%emt 00:00:36]} O-O {[%clk 01:28:26]} {[%emt 00:00:45]}
11. Re1 {[%clk 01:27:32]} {[%emt 00:00:59]} Rfd8 {[%clk 01:26:56]} {[%emt
00:02:01]} 12. b3 {[%clk 01:26:53]} {[%emt 00:01:09]} Rac8 {[%clk 01:25:04]}
{[%emt 00:02:21]} 13. a4 {[%clk 01:27:01]} {[%emt 00:00:23]} b6 {[%clk
01:21:58]} {[%emt 00:03:35]} 14. Bxc6 {[%clk 01:04:29]} {[%emt 00:23:02]} Qxc6
{[%clk 01:21:13]} {[%emt 00:01:14]} 15. Bb2 {[%clk 01:04:46]} {[%emt 00:00:14]}
h5 {[%clk 01:10:50]} {[%emt 00:10:53]} 16. Ne4 {[%clk 01:00:12]} {[%emt
00:05:04]} Nxe4 {[%clk 01:07:37]} {[%emt 00:03:42]} 17. Rxe4 {[%clk 01:00:36]}
{[%emt 00:00:07]} Qxe4 {[%clk 01:02:51]} {[%emt 00:05:16]} 18. dxe4 {[%clk
01:00:58]} {[%emt 00:00:08]} Rxd1+ {[%clk 01:03:19]} {[%emt 00:00:02]} 19. Rxd1
{[%clk 01:01:19]} {[%emt 00:00:10]} c4 {[%clk 00:56:38]} {[%emt 00:07:11]} 20.
Rd7 {[%clk 01:01:32]} {[%emt 00:00:16]} cxb3 {[%clk 00:54:53]} {[%emt
00:02:15]} 21. cxb3 {[%clk 01:01:50]} {[%emt 00:00:12]} Bc5 {[%clk 00:51:02]}
{[%emt 00:04:21]} 22. Be5 {[%clk 00:59:26]} {[%emt 00:02:55]} a6 {[%clk
00:45:38]} {[%emt 00:05:53]} 23. Kg2 {[%clk 00:57:43]} {[%emt 00:02:14]} f6
{[%clk 00:42:02]} {[%emt 00:04:05]} 24. Bc7 {[%clk 00:55:48]} {[%emt 00:02:26]}
b5 {[%clk 00:38:32]} {[%emt 00:03:59]} 25. a5 {[%clk 00:55:38]} {[%emt
00:00:41]} Kf8 {[%clk 00:32:38]} {[%emt 00:06:24]} 26. Bb6 {[%clk 00:53:56]}
{[%emt 00:02:11]} Rc6 {[%clk 00:17:49]} {[%emt 00:15:19]} 27. Ra7 {[%clk
00:54:14]} {[%emt 00:00:13]} e5 {[%clk 00:16:09]} {[%emt 00:02:09]} 28. Rxa6
{[%clk 00:54:06]} {[%emt 00:00:38]} Bd4 {[%clk 00:15:51]} {[%emt 00:00:48]} 29.
Ra8+ {[%clk 00:40:30]} {[%emt 00:14:06]} Kf7 {[%clk 00:13:31]} {[%emt
00:02:50]} 30. Rb8 {[%clk 00:37:37]} {[%emt 00:03:24]} Rc2 {[%clk 00:09:34]}
{[%emt 00:04:26]} 31. Bxd4 {[%clk 00:37:56]} {[%emt 00:00:11]} exd4 {[%clk
00:10:02]} 32. Rxb5 {[%clk 00:38:02]} {[%emt 00:00:25]} d3 {[%clk 00:09:38]}
{[%emt 00:00:55]} 33. Rd5 {[%clk 00:37:30]} {[%emt 00:01:01]} d2 {[%clk
00:09:16]} {[%emt 00:00:52]} 34. b4 {[%clk 00:36:19]} {[%emt 00:01:40]} Rb2
{[%clk 00:09:15]} {[%emt 00:00:32]} 35. Kf3 {[%clk 00:34:50]} {[%emt 00:02:00]}
Rb3+ {[%clk 00:08:10]} {[%emt 00:01:34]} 36. Ke2 {[%clk 00:35:11]} {[%emt
00:00:09]} Rxb4 {[%clk 00:08:31]} {[%emt 00:00:09]} 37. Kxd2 {[%clk 00:35:02]}
{[%emt 00:00:39]} Rxe4 {[%clk 00:07:41]} {[%emt 00:01:20]} 38. Rxh5 {[%clk
00:35:14]} {[%emt 00:00:19]} Ra4 {[%clk 00:07:20]} {[%emt 00:00:50]} 39. Rb5
{[%clk 00:34:25]} {[%emt 00:01:18]} Ra2+ {[%clk 00:05:24]} {[%emt 00:02:27]}
40. Ke3 {[%clk 00:30:23]} {[%emt 00:04:31]} g5 {[%clk 00:02:39]} {[%emt
00:03:16]} 41. Rb7+ {[%clk 00:25:03]} {[%emt 00:05:50]} Kg6 {[%clk 00:00:48]}
{[%emt 00:02:20]} 42. Ra7 {[%clk 00:25:29]} {[%emt 00:00:06]} Kf5 {[%clk
00:26:11]} {[%emt 00:05:05]} 43. Kf3 {[%clk 00:54:17]} {[%emt 00:01:42]} Ra3+
{[%clk 00:19:05]} {[%emt 00:07:37]} 44. Kg2 {[%clk 00:54:32]} {[%emt 00:00:15]}
Kg6 {[%clk 00:18:24]} {[%emt 00:01:11]} 45. a6 {[%clk 00:54:13]} {[%emt
00:00:49]} Ra1 {[%clk 00:14:22]} {[%emt 00:04:32]} 46. Ra8 {[%clk 00:52:38]}
{[%emt 00:02:06]} Kg7 {[%clk 00:08:51]} {[%emt 00:06:00]} 47. a7 {[%clk
00:53:04]} {[%emt 00:00:04]} g4 {[%clk 00:04:23]} {[%emt 00:04:58]} 48. h3
{[%clk 00:53:24]} {[%emt 00:00:10]} gxh3+ {[%clk 00:04:11]} {[%emt 00:00:42]}
49. Kxh3 {[%clk 00:53:52]} {[%emt 00:00:02]} Ra5 {[%clk 00:04:05]} {[%emt
00:00:35]} 50. f4 {[%clk 00:54:02]} {[%emt 00:00:20]} Rh5+ {[%clk 00:03:54]}
{[%emt 00:00:41]} 51. Kg4 {[%clk 00:54:04]} {[%emt 00:00:28]} Ra5 {[%clk
00:04:15]} {[%emt 00:00:09]} 52. f5 {[%clk 00:54:26]} {[%emt 00:00:09]} Ra4+
{[%clk 00:03:40]} {[%emt 00:01:05]} 53. Kh3 {[%clk 00:54:27]} {[%emt 00:00:29]}
Ra3 {[%clk 00:03:42]} {[%emt 00:00:28]} 54. Kh4 {[%clk 00:54:50]} {[%emt
00:00:06]} Ra1 {[%clk 00:02:59]} {[%emt 00:01:13]} 55. g4 {[%clk 00:55:13]}
{[%emt 00:00:08]} Ra4 {[%clk 00:03:00]} {[%emt 00:00:30]} 56. Kh5 {[%clk
00:54:37]} {[%emt 00:01:05]} Ra1 {[%clk 00:02:22]} {[%emt 00:01:08]} 57. g5
{[%clk 00:54:35]} {[%emt 00:00:31]} fxg5 {[%clk 00:01:37]} {[%emt 00:01:15]}
58. f6+ {[%clk 00:53:06]} {[%emt 00:02:00]} Kf7 {[%clk 00:01:48]} {[%emt
00:00:18]} 59. Kxg5 {[%clk 00:53:29]} {[%emt 00:00:06]} Ra5+ {[%clk 00:01:06]}
{[%emt 00:01:12]} 60. Kf4 {[%clk 00:53:15]} {[%emt 00:00:45]} 1-0

[Event "DEM U18 2025"]
[Site "Willingen GER"]
[Date "2025.06.14"]
[Round "9"]
[White "Ohler, Julius"]
[Black "Heinrich, John"]
[Result "1/2-1/2"]
[Termination "normal"]
[Board "3"]
[WhiteTitle "FM"]
[BlackTitle "FM"]
[WhiteElo "2301"]
[BlackElo "2359"]
[WhiteClock "00:44:33"]
[BlackClock "00:57:01"]
[PlyCount "42"]
[WhiteFideId "16238982"]
[BlackFideId "16259491"]
[EventCountry "GER"]
[EventRounds "9"]
[EventType "swiss"]
[EventDate "2025.06.07"]

1. Nf3 {[%clk 01:30:58]} {[%emt 00:00:02]} c5 {[%clk 01:30:52]} {[%emt
00:00:09]} 2. c4 {[%clk 01:31:24]} {[%emt 00:00:05]} Nf6 {[%clk 01:30:52]}
{[%emt 00:00:29]} 3. Nc3 {[%clk 01:31:29]} {[%emt 00:00:25]} d5 {[%clk
01:31:15]} {[%emt 00:00:06]} 4. cxd5 {[%clk 01:30:09]} {[%emt 00:01:50]} Nxd5
{[%clk 01:31:36]} {[%emt 00:00:10]} 5. e4 {[%clk 01:30:01]} {[%emt 00:00:37]}
Nb4 {[%clk 01:31:39]} {[%emt 00:00:27]} 6. Bb5+ {[%clk 01:29:12]} {[%emt
00:01:19]} N8c6 {[%clk 01:31:59]} {[%emt 00:00:11]} 7. d3 {[%clk 01:27:35]}
{[%emt 00:02:07]} a6 {[%clk 01:29:15]} {[%emt 00:03:14]} 8. Bxc6+ {[%clk
01:27:55]} {[%emt 00:00:10]} Nxc6 {[%clk 01:28:56]} {[%emt 00:00:48]} 9. Be3
{[%clk 01:28:20]} {[%emt 00:00:06]} e5 {[%clk 01:23:29]} {[%emt 00:05:56]} 10.
h3 {[%clk 01:21:10]} {[%emt 00:07:40]} Bd6 {[%clk 01:19:34]} {[%emt 00:04:24]}
11. O-O {[%clk 01:17:20]} {[%emt 00:04:22]} O-O {[%clk 01:19:41]} {[%emt
00:00:22]} 12. Rc1 {[%clk 01:16:20]} {[%emt 00:01:30]} b6 {[%clk 01:12:17]}
{[%emt 00:07:54]} 13. a3 {[%clk 01:11:50]} {[%emt 00:05:00]} Nd4 {[%clk
01:04:02]} {[%emt 00:08:45]} 14. Nd2 {[%clk 01:05:29]} {[%emt 00:06:51]} Be6
{[%clk 01:02:24]} {[%emt 00:02:08]} 15. Nc4 {[%clk 00:55:30]} {[%emt 00:10:29]}
Bc7 {[%clk 01:01:25]} {[%emt 00:01:29]} 16. b4 {[%clk 00:52:19]} {[%emt
00:03:42]} b5 {[%clk 00:59:59]} {[%emt 00:01:56]} 17. Nd2 {[%clk 00:49:02]}
{[%emt 00:03:46]} cxb4 {[%clk 00:57:24]} {[%emt 00:03:06]} 18. axb4 {[%clk
00:48:36]} {[%emt 00:00:56]} Bd6 {[%clk 00:57:26]} {[%emt 00:00:28]} 19. Bxd4
{[%clk 00:43:43]} {[%emt 00:05:23]} exd4 {[%clk 00:57:47]} {[%emt 00:00:09]}
20. Ne2 {[%clk 00:44:08]} {[%emt 00:00:05]} Bxb4 {[%clk 00:57:38]} {[%emt
00:00:38]} 21. Nf3 {[%clk 00:44:33]} {[%emt 00:00:06]} Ba3 {[%clk 00:57:01]}
{[%emt 00:01:06]} 1/2-1/2

[Event "DEM U18 2025"]
[Site "Willingen GER"]
[Date "2025.06.14"]
[Round "9"]
[White "Vollbehr, Bjarne"]
[Black "Möller, Maurin"]
[Result "0-1"]
[Termination "normal"]
[Board "4"]
[WhiteTitle "CM"]
[BlackTitle "FM"]
[WhiteElo "2163"]
[BlackElo "2336"]
[WhiteClock "00:04:07"]
[BlackClock "00:13:46"]
[PlyCount "72"]
[WhiteFideId "34606025"]
[BlackFideId "16265696"]
[EventCountry "GER"]
[EventRounds "9"]
[EventType "swiss"]
[EventDate "2025.06.07"]

1. d4 {[%clk 01:30:54]} {[%emt 00:00:05]} d5 {[%clk 01:30:49]} {[%emt
00:00:12]} 2. c4 {[%clk 01:30:42]} {[%emt 00:00:41]} c6 {[%clk 01:31:12]}
{[%emt 00:00:08]} 3. Nf3 {[%clk 01:30:23]} {[%emt 00:00:48]} Nf6 {[%clk
01:31:29]} {[%emt 00:00:14]} 4. g3 {[%clk 01:30:07]} {[%emt 00:00:46]} e6
{[%clk 01:30:19]} {[%emt 00:01:41]} 5. Bg2 {[%clk 01:30:23]} {[%emt 00:00:14]}
Be7 {[%clk 01:30:13]} {[%emt 00:00:35]} 6. O-O {[%clk 01:30:38]} {[%emt
00:00:15]} O-O {[%clk 01:30:37]} {[%emt 00:00:06]} 7. Nbd2 {[%clk 01:30:36]}
{[%emt 00:00:31]} b6 {[%clk 01:30:31]} {[%emt 00:00:37]} 8. b3 {[%clk
01:30:56]} {[%emt 00:00:10]} Bb7 {[%clk 01:30:50]} {[%emt 00:00:11]} 9. Bb2
{[%clk 01:31:16]} {[%emt 00:00:09]} c5 {[%clk 01:30:06]} {[%emt 00:01:14]} 10.
Qc2 {[%clk 01:27:26]} {[%emt 00:04:21]} Nc6 {[%clk 01:27:49]} {[%emt 00:02:47]}
11. dxc5 {[%clk 01:23:47]} {[%emt 00:04:10]} bxc5 {[%clk 01:20:45]} {[%emt
00:07:33]} 12. cxd5 {[%clk 01:23:04]} {[%emt 00:01:13]} exd5 {[%clk 01:21:01]}
{[%emt 00:00:15]} 13. Rac1 {[%clk 01:21:44]} {[%emt 00:01:48]} Nb4 {[%clk
01:01:42]} {[%emt 00:19:49]} 14. Qb1 {[%clk 01:21:03]} {[%emt 00:01:10]} Qb6
{[%clk 00:57:42]} {[%emt 00:04:32]} 15. a3 {[%clk 01:05:11]} {[%emt 00:16:23]}
Na6 {[%clk 00:56:43]} {[%emt 00:01:28]} 16. e3 {[%clk 01:00:55]} {[%emt
00:04:46]} Rfe8 {[%clk 00:50:45]} {[%emt 00:06:28]} 17. Qa1 {[%clk 00:56:59]}
{[%emt 00:04:27]} Rac8 {[%clk 00:47:48]} {[%emt 00:03:27]} 18. Rfd1 {[%clk
00:56:09]} {[%emt 00:01:20]} Nc7 {[%clk 00:46:48]} {[%emt 00:01:30]} 19. Nh4
{[%clk 00:50:28]} {[%emt 00:06:10]} Qe6 {[%clk 00:41:30]} {[%emt 00:05:49]} 20.
b4 {[%clk 00:44:35]} {[%emt 00:06:24]} Na6 {[%clk 00:28:10]} {[%emt 00:13:49]}
21. b5 {[%clk 00:34:38]} {[%emt 00:10:27]} Nb8 {[%clk 00:28:35]} {[%emt
00:00:05]} 22. Nhf3 {[%clk 00:26:11]} {[%emt 00:08:57]} h6 {[%clk 00:25:05]}
{[%emt 00:04:00]} 23. a4 {[%clk 00:25:57]} {[%emt 00:00:45]} a6 {[%clk
00:25:17]} {[%emt 00:00:18]} 24. Bf1 {[%clk 00:22:52]} {[%emt 00:03:34]} Nbd7
{[%clk 00:25:11]} {[%emt 00:00:36]} 25. Nb3 {[%clk 00:22:16]} {[%emt 00:01:06]}
d4 {[%clk 00:25:23]} {[%emt 00:00:19]} 26. Bc4 {[%clk 00:15:33]} {[%emt
00:07:13]} Qf5 {[%clk 00:18:18]} {[%emt 00:07:35]} 27. Nh4 {[%clk 00:14:10]}
{[%emt 00:01:52]} Qe4 {[%clk 00:18:41]} {[%emt 00:00:08]} 28. f3 {[%clk
00:14:28]} {[%emt 00:00:12]} Qxe3+ {[%clk 00:19:03]} {[%emt 00:00:08]} 29. Kf1
{[%clk 00:13:41]} {[%emt 00:01:16]} Ng4 {[%clk 00:17:25]} {[%emt 00:02:08]} 30.
Bxd4 {[%clk 00:11:45]} {[%emt 00:02:26]} cxd4 {[%clk 00:16:43]} {[%emt
00:01:13]} 31. Qxd4 {[%clk 00:12:07]} {[%emt 00:00:08]} Bxf3 {[%clk 00:12:59]}
{[%emt 00:04:14]} 32. Nxf3 {[%clk 00:09:53]} {[%emt 00:02:43]} Qxf3+ {[%clk
00:13:22]} {[%emt 00:00:08]} 33. Kg1 {[%clk 00:10:08]} {[%emt 00:00:13]} Bg5
{[%clk 00:13:01]} {[%emt 00:00:52]} 34. Bxf7+ {[%clk 00:05:06]} {[%emt
00:05:33]} Qxf7 {[%clk 00:13:19]} {[%emt 00:00:12]} 35. Qxg4 {[%clk 00:05:01]}
{[%emt 00:00:35]} Bxc1 {[%clk 00:13:24]} {[%emt 00:00:25]} 36. Rxd7 {[%clk
00:04:07]} {[%emt 00:01:25]} Re1+ {[%clk 00:13:46]} {[%emt 00:00:06]} 0-1